000
00218nam a22000857a 4500
008
170603b xxu||||| |||| 00| 0 eng d
100
_9
3261
_a
Estes. R
245
_a
Circus of Fear
260
_a
New Delhi
_b
Capital Creation
_c
2003
999
_c
6575
_d
6575